000 00814nam a22002417a 4500
999 _c15210
_d15210
003 MIRAKIL
005 20230424124537.0
008 230424b tu ||||| |||| 00| 0 tur d
020 _a9789759209421 (1.c.)
040 _aTR-AnCHP
_cTR-AnCHP
041 _atur
082 _a956.521
_bK26 2012
245 1 0 _aKaratay :
_btarih-kültür-sanat /
_ceditörler: Yusuf Küçükdağ, Yaşar Erdemir, Bekir Şahin.
246 _atarih-kültür-sanat
260 _a Konya :
_bKaratay Belediyesi,
_c2012.
300 _ac. "1.", (xiv, 561 s.) :
_b fotğ., plan ;
_c30 sm.
504 _aBibliyografik bilgi içerir.
651 0 _97384
_aKaratay (Konya, Türkiye)
_xTarih
700 _97385
_aKüçükdağ, Yusuf
_eed.
700 _97386
_aErdemir, Yaşar
_eed.
700 _97387
_aŞahin, Bekir
_eed.
942 _2ddc
_cBKS